<?xml version="1.0" encoding="UTF-8"?><?xml-stylesheet type="text/xsl" href="static/style.xsl"?><OAI-PMH xmlns="http://www.openarchives.org/OAI/2.0/" xmlns:xsi="http://www.w3.org/2001/XMLSchema-instance" xsi:schemaLocation="http://www.openarchives.org/OAI/2.0/ http://www.openarchives.org/OAI/2.0/OAI-PMH.xsd"><responseDate>2026-06-01T09:55:37Z</responseDate><request verb="GetRecord" identifier="oai:riuma.uma.es:10630/25167" metadataPrefix="marc">https://riuma.uma.es/rest/oai/request</request><GetRecord><record><header><identifier>oai:riuma.uma.es:10630/25167</identifier><datestamp>2026-02-03T12:21:55Z</datestamp><setSpec>com_10630_2254</setSpec><setSpec>col_10630_37959</setSpec></header><metadata><record xmlns="http://www.loc.gov/MARC21/slim" xmlns:dcterms="http://purl.org/dc/terms/" xmlns:doc="http://www.lyncode.com/xoai" xmlns:xsi="http://www.w3.org/2001/XMLSchema-instance" xsi:schemaLocation="http://www.loc.gov/MARC21/slim http://www.loc.gov/standards/marcxml/schema/MARC21slim.xsd">
   <leader>00925njm 22002777a 4500</leader>
   <datafield ind2=" " ind1=" " tag="042">
      <subfield code="a">dc</subfield>
   </datafield>
   <datafield ind2=" " ind1=" " tag="720">
      <subfield code="a">Pacheco-Franco, Marta</subfield>
      <subfield code="e">author</subfield>
   </datafield>
   <datafield ind2=" " ind1=" " tag="260">
      <subfield code="c">2022</subfield>
   </datafield>
   <datafield ind2=" " ind1=" " tag="520">
      <subfield code="a">The affix -ful in words like needful and hopeful originates in the Germanic adjective full, meaning “filled to capacity” (OED, s.v. full, adj.), and has cognates in most languages of its family, both as a free-standing form and as an adjectival suffix. Though the early -ful formations retained the sense of “full of”, its gradual loss of meaning throughout history has substantiated claims about its grammaticalization. Hopper and Traugott (2003: 7) contend that -ful was first part of a phrase (e.g., “a basket full (of eggs)”), later part of a compound (e.g., “a cupful (of water)”), and, finally, a derivational affix (e.g., “needful”), a hypothesis that Wischer (2011: 359) also supports, though with reservations. At any rate, the shift from an independent lexeme into an adjective-deriving suffix on the part of -ful does not only involve changes to syntax and morphology, but also to orthography (Wełna 2000: 45). Today, its affixal status is reinforced by its spelling: though minimal, the difference between -ful and full is substantial. In the same way that grammaticalization often entails phonetic erosion, the process seems to have taken a toll on spelling as well. However, the complexity of English spelling in the Middle and Early Modern periods and the speakers’ erratic relationship towards it make it highly unlikely for users to have intentionally marked this grammaticalization in orthography. The present paper thus aims to analyse the availability of the syntax/morphology-spelling interface from this particular case study, paying closer attention to the aforementioned periods and by means of a corpus-based investigation that draws data from the Helsinki Corpus of English Texts.</subfield>
   </datafield>
   <datafield ind1="8" ind2=" " tag="024">
      <subfield code="a">https://hdl.handle.net/10630/25167</subfield>
   </datafield>
   <datafield tag="653" ind2=" " ind1=" ">
      <subfield code="a">Filología inglesa</subfield>
   </datafield>
   <datafield tag="653" ind2=" " ind1=" ">
      <subfield code="a">Inglés moderno</subfield>
   </datafield>
   <datafield tag="653" ind2=" " ind1=" ">
      <subfield code="a">Inglés ortografía</subfield>
   </datafield>
   <datafield ind2="0" ind1="0" tag="245">
      <subfield code="a">The Morphology-Orthography Interface: A Needful Study</subfield>
   </datafield>
</record>
</metadata></record></GetRecord></OAI-PMH>